000 00783nam a2200241Ia 4500
003 OSt
005 20220926032626.0
006 a|||||r|||| 00| 0
007 ta
008 220923b |||||||| |||| 00| 0 eng d
037 _cGeneral Book
040 _aRTL
_cRTL
_beng
041 _2eng
_aeng
082 _aX:770gY15.1(X).N8, M2
100 _aStoecker Barbara J. Ed.
_9337710
245 0 _aDeveloping nations
_b Challenges involving women
260 _aTexas
_bTexas Tech University
_c1982
300 _ax,251p.
_ccm.
490 _aInternational Centre for Arid and Semi Arid Lan dStudies publication
650 _aEconomic Development
_917300
942 _hX:770gY15.1(X).N8, M2
_cGB
_2CC
999 _c655216
_d655216